000 00713nam a22002297a 4500
005 20170124110246.0
010 _aA-464076
020 _c00.00
035 _aA-464076
037 _bCen Lib/Ret
040 _aDPL
_bEN
082 _a613.
_bINT
110 _aWorld Haelth Organization
_997525
245 _aInternational travel and health :
_bvaccination requirement and health advice /
260 _a Delhi
_bAll IndiaTraveller Book Seller
_c1990
270 _aD-2/15, Krishna Nagar
_b Delhi
_e110051
300 _a88p.
_c20cm(Hb)
500 _aIncludes index
650 _aHealth Science
_916285
650 _aHealth Science -- Vaccination
_997526
942 _2ddc
_cEN
_h613.68
_mINT
999 _c135519
_d135519